Báza oceňovania produktov životného poistenia úroková miera

Na minha lista:
Detalhes bibliográficos
Autor principal: Sakálová, Katarína, 1955-
Outros Autores: Škrovánková, Lea, 1954-
Formato: Capítulo de Livro
Idioma:eslovaco
Tags: Adicionar Tag
Sem tags, seja o primeiro a adicionar uma tag!

MARC

LEADER 00000naa$a2200000$$$4500
001 0095319
005 20240502072049.2
041 0 |a slo 
044 |a SK 
245 1 0 |a Báza oceňovania produktov životného poistenia  |b úroková miera  |c Katarína Sakálová, Lea Škrovánková 
100 1 |a Sakálová, Katarína, 1955- 
700 1 |a Škrovánková, Lea, 1954-